Rodinné prídavky by mali dostávať všetky deti

Podľa nového zákona, ktorý má byť prijatý, rodinné prídavky budú dostávať všetky deti bez ohľadu na príjem rodičov. Výška sumy, ktorú budú predstavovať rodinné prídavky bude najvyššou v rámci štátnej sociálnej podpory. Prídavky na deti a rodičovský príspevok. Jediným vykonávateľom zákona budú okresn...

Descrizione completa

Salvato in:
Dettagli Bibliografici
Autore principale: Reiselová, Eva
Natura: Capitolo di libro
Lingua:slovacco
Soggetti:
Tags: Aggiungi Tag
Nessun Tag, puoi essere il primo ad aggiungerne!!

MARC

LEADER 00000naa a2200000 4500
001 r045186
005 20230921113052.9
041 0 |a slo 
044 |a SK 
245 1 0 |a Rodinné prídavky by mali dostávať všetky deti  |c Eva Reiselová 
520 |a Podľa nového zákona, ktorý má byť prijatý, rodinné prídavky budú dostávať všetky deti bez ohľadu na príjem rodičov. Výška sumy, ktorú budú predstavovať rodinné prídavky bude najvyššou v rámci štátnej sociálnej podpory. Prídavky na deti a rodičovský príspevok. Jediným vykonávateľom zákona budú okresné úrady. Nároky na rozpočet. 
610 2 0 |a prídavky na deti 
610 2 0 |a príspevky sociálne 
610 2 0 |a rodina 
610 2 0 |a podpory 
610 2 0 |a štát 
610 2 0 |a príjmy rodinné 
610 2 0 |a rozpočet štátny 
610 2 0 |a zákony 
100 1 |a Reiselová, Eva